Prospekt prípravného kurzu z učiva I., II. a III. ročníka Obchodnej akadémie YMCA

Bibliographic Details
Format: Book
Language:Slovak
PhysicalDescription:[2] nečíslované strany 21 cm
Published: Bratislava Universum [1946-1947]
Subjects:

MARC

LEADER 00000cam a2200000 a 4500
001 vtls011888632
003 SK-MaSNL
005 20260426020246.0
008 200228q1946 xo f 000 0 slo
015 |a SNBA1957 
020 |q (viazané) 
035 |a urn:nbn:sk:snk-am00dek8 
035 |a urn:nbn:sk:snk-am3hzjs 
035 |a 1EFC9E0C-EA9E-43C0-A9AD-E82F54FD8E28 
040 |a SNK  |b slo  |c SNK  |e AACR2 
041 0 |a slo 
044 |a xo  |c SK 
072 7 |a 371  |x Školstvo (organizácia)  |2 konspekt 
072 7 |a 373.5/.6  |x Stredné školy  |2 konspekt 
080 |a 351.85  |2 2011 
080 |a 37.01/.09  |2 2011 
080 |a 37.091.33  |2 2011 
080 |a 373.6:33  |2 2001 
080 |a (041)  |2 2011 
245 0 0 |a Prospekt prípravného kurzu z učiva I., II. a III. ročníka Obchodnej akadémie YMCA 
260 |a Bratislava  |b Universum  |c [1946-1947] 
300 |a [2] nečíslované strany  |c 21 cm 
500 |a Pravdepodobný ro vydania 1946-1947 
610 2 7 |a YMCA (Bratislava, Slovensko)  |2 SNKKA  |9 663297 
650 0 7 |a kurzy  |2 SNKPH  |9 29103 
650 0 7 |a školstvo  |2 SNKPH  |9 19712 
650 0 7 |a vzdelávanie  |2 SNKPH  |9 4033 
650 0 7 |a obchodné akadémie  |2 SNKPH  |9 68296 
655 7 |a brožúry  |2 SNKPH  |9 70146 
958 |a TL 
958 |a RK 
958 |a SP 
958 |a ONDV 
999 |c 1206608  |d 1208538 
952 |a SNK  |b SNK  |y PREZ  |7 0  |p 17A0819412  |o snkSC 9807  |i snkKSF 2223/57  |8 5  |0 0  |1 0  |4 0  |d 2019-09-23  |f 1  |l 0  |r 2025-07-09 00:00:00  |w 2026-02-24